OVPLYVNENIE PROTEÁZOVÝCH INHIBÍTOROV A HLADINY KOMPLEMENTU KRÁLIČIEHO SÉRA REAKCIOU ANTIGÉNU S PROTILÁTKOU IN VITRO

Bibliographic Details
Main Authors: Štefanovič, Ján, 1928- (Author), Bergendi, Ľudovít, 1934- (Author)
Format: Article
Language:Slovak

MARC

LEADER 00000nab a2200000ua 4500
001 vtls010778856
003 SK-MaSNL
005 20260303123429.0
008 230214s1966 xo |||||||||||||||||slo|
035 |a (urnnbn)urn:nbn:sk:snk:ar-a03bpl 
035 |a (uuid)26d81079-78b8-4126-9eef-b7c7e204b765 
035 |a urn:nbn:sk:snk-ab56q4 
040 |a SNKBUCL  |b slo  |c SNKBUCL  |e AACR2 
041 0 |a slo 
044 |a xo  |c SK 
100 1 |a Štefanovič, Ján,  |d 1928-  |4 aut  |9 155923 
245 1 0 |a OVPLYVNENIE PROTEÁZOVÝCH INHIBÍTOROV A HLADINY KOMPLEMENTU KRÁLIČIEHO SÉRA REAKCIOU ANTIGÉNU S PROTILÁTKOU IN VITRO  |c J. Štefanovič, Ľ. Bergendi 
700 1 |a Bergendi, Ľudovít,  |d 1934-  |4 aut  |9 198151 
773 0 |t Bratislavské lekárske listy  |g Roč. 46, č. 1 (1966), s. 3-8 
954 |a odborná, vedecká literatúra pôvodná (slovenská)  |2 lita 
958 |a OND 
958 |a EUIPO 
958 |a article3 
999 |c 1925892  |d 1927822